Logo BPK

Biblioteka

Politechniki Koszalińskiej

Akta i Diariusz Królewskiej Komisji Okrętowej Zygmunta III z lat 1627-1628 / (Rekord nr 40954)

Szczegóły MARC
000 -ETYKIETA REKORDU
podpole kontrolne o stałej długości 01370nam a2200325 i 4500
001 - NUMER KONTROLNY REKORDU
pole kontrolne bg
020 ## - MIĘDZYNARODOWY ZNORMALIZOWANY NUMER KSIĄŻKI - ISBN
ISBN 8387359521 (Gdańskie Towarzystwo Naukowe)
020 ## - MIĘDZYNARODOWY ZNORMALIZOWANY NUMER KSIĄŻKI - ISBN
ISBN 8388583042 (WSM)
040 ## - ŹRÓDŁO KATALOGOWANIA
Instytucja, która utworzyła rekord BPK
041 0# - KOD JĘZYKA
Kod języka tekstu plendela
080 ## - UNIWERSALNA KLASYFIKACJA DZIESIĘTNA - UKD
UKD 94(438).04:355.48]"17"
920 ## - Międzynarodowy znormalizowany numer książki – ISBN
ISBN 83-87359-52-1 (Gdańskie Towarzystwo Naukowe)
920 ## - Międzynarodowy znormalizowany numer książki – ISBN
ISBN 83-88583-04-2 (WSM)
008 - POLE O STAŁEJ DŁUGOŚCI - DANE KONTROLNE
podpole kontrolne o stałej długości s pl f |000 0 pol
100 1# - NAZWA OSOBOWA
Nazwa osobowa FENRYCH, Wiktor
245 10 - TYTUŁ/ODPOWIEDZIALNOŚĆ
Tytuł Akta i Diariusz Królewskiej Komisji Okrętowej Zygmunta III z lat 1627-1628 /
Pozostałe elementy strefy tytułu i oznaczenia odpowiedzialności rękopis oprac., wstępem, przypisami i indeksami opatrzył Wiktor Fenrych.
260 ## - STREFA ADRESU WYDAWNICZEGO
Miejsce wydania Gdańsk-Gdynia :
Nazwa wydawcy/dystrybutora Gdańskie Towarzystwo Naukowe :
-- Wyższa Szkoła Morska,
Data publikacji, dystrybucji/powstania dokumentu 2001.
300 ## - STREFA OPISU FIZYCZNEGO
Objętość 442, [1] s. :
Inne cechy fizyczne 1 portr. ;
Rozmiary 24 cm.
490 1# - STREFA SERII I DOKUMENTU WIELOCZĘŚCIOWEGO - FORMA NIE DO WYSZUKIWANIA
Tytuł i oznaczenie odpowiedzialności serii Księgi Floty Ojczystej,
ISSN 1230-7092 ;
Numeracja w obrębie serii t. 14
500 ## - UWAGI OGÓLNE
Tekst uwagi Tyt. równol.: "Acts and Diary of the Royal Naval Commision of Sigismund III in the period of 1627-1628". Tekst częśc. równol. pol., ang., niem., łac.
504 ## - UWAGA DOTYCZĄCA BIBLIOGRAFII
Informacje o bibliografii Bibliogr. Indeksy.
600 19 - HASŁO PRZEDMIOTOWE W FORMIE NAZWY OSOBOWEJ
Nazwa osobowa Zygmunt III Waza (król Polski ; 1566-1632)
610 29 - HASŁO PRZEDMIOTOWE W FORMIE NAZWY CIAŁA ZBIOROWEGO
Nazwa ciała zbiorowego lub nazwa geograficzna Królewska Komisja Okrętowa Zygmunta III
650 #9 - HASŁO PRZEDMIOTOWE W FORMIE NAZWY OGÓLNEJ LUB JEDNOSTKOWEJ
Nazwa ogólna lub geograficzna Flota morska
Określnik ogólny historia
Określnik geograficzny 17 w.
650 #9 - HASŁO PRZEDMIOTOWE W FORMIE NAZWY OGÓLNEJ LUB JEDNOSTKOWEJ
Nazwa ogólna lub geograficzna Wojna 1626-1629 r. polsko-szwedzka
651 #9 - HASŁO PRZEDMIOTOWE W FORMIE NAZWY GEOGRAFICZNEJ
Nazwa geograficzna Polska
Określnik ogólny historia
Określnik chronologiczny 17 w.
655 ## - TERMIN INDEKSOWY - OKREŚLENIE RODZAJU/FORMY DOKUMENTU
Określenie rodzaju/formy dokumentu Źródła
830 ## - HASŁO DODATKOWE SERII LUB DOKUMENTU WIELOCZĘŚCIOWEGO - TYTUŁ UJEDNOLICONY
Tytuł ujednolicony Księgi Floty Ojczystej,
-- 1230-7092 ;
856 ## - LOKALIZACJA I DOSTĘP DO ELEKTRONICZNYCH DOKUMENTÓW ZDALNYCH
Link (URL) http://koha.tu.koszalin.pl/cgi-bin/koha/opac-detail.pl?biblionumber=40954
Tekst linku Katalog online BPK
942 ## - DODATKOWE ELEMENTY (KOHA)
Typ dokumentu Książka
Egzemplarze
Wycofany Status egzemplarza Uszkodzony Dostępność Lokalizacja stała Lokalizacja bieżąca Miejsce przechowywania Sygnatura Kod kreskowy Typ dokumentu
      Dostępny Biblioteka Politechniki Koszalińskiej Biblioteka Politechniki Koszalińskiej Wypożyczalnia BG 63050 01674859 Książka
© 2023 Biblioteka Politechniki Koszalińskiej :: KOHA